L'analyse des séries (notice n° 1566235)
[ vue normale ]
| 000 -LEADER | |
|---|---|
| fixed length control field | 01397cam a2200145 4500500 |
| 005 - DATE AND TIME OF LATEST TRANSACTION | |
| control field | 20251214001513.0 |
| 041 ## - LANGUAGE CODE | |
| Language code of text/sound track or separate title | fre |
| 042 ## - AUTHENTICATION CODE | |
| Authentication code | dc |
| 100 10 - MAIN ENTRY--PERSONAL NAME | |
| Personal name | Jullier, Laurent |
| Relator term | author |
| 245 00 - TITLE STATEMENT | |
| Title | L'analyse des séries |
| 260 ## - PUBLICATION, DISTRIBUTION, ETC. | |
| Name of publisher, distributor, etc. | Armand Colin,<br/> |
| Date of publication, distribution, etc. | 2024.<br/> |
| 520 ## - SUMMARY, ETC. | |
| Summary, etc. | Longtemps dans l’ombre des films, les séries sont désormais un objet d’analyse incontournable auquel de nombreux professeurs et étudiants consacrent cours, mémoires, thèses et autres travaux. Mais devant la multitude d’objets d’étude offerte par les séries, comment structurer une analyse pertinente ? Quels sont les outils et les méthodes qui permettent de construire un cours, un mémoire ou un exposé ?Conçu comme un guide pratique, applicable à tous les types de séries et à toutes les typologies de travaux, cet ouvrage répondra de manière concise et pédagogique à la question : « J’ai envie d’analyser une série télé, comment je fais ? ». Construit autour de quatre chapitres conçus de manière chronologique (production, récit, langage et réception) et enrichis d’exemples concrets et de conseils méthodologiques, il se révélera le compagnon indispensable de toute personne souhaitant mieux comprendre une série. |
| 700 10 - ADDED ENTRY--PERSONAL NAME | |
| Personal name | Laborde, Barbara |
| Relator term | author |
| 856 41 - ELECTRONIC LOCATION AND ACCESS | |
| Uniform Resource Identifier | <a href="https://shs.cairn.info/l-analyse-des-series--9782200637408?lang=fr&redirect-ssocas=7080">https://shs.cairn.info/l-analyse-des-series--9782200637408?lang=fr&redirect-ssocas=7080</a> |
Pas d'exemplaire disponible.




Réseaux sociaux